=LDR 00000nam 2200000 4500 =001 INLIS000000000044165 =005 20210413101919 =035 ##$$a 0010-101300000002087 =008 210413###########################0#ind## =041 ##$$a ind =082 ##$$a 338.160 260 72 =090 ##$$a 338.160 260 72, SAL e =100 ##$$a Saly, Jeane Neltje =245 1#$$a Penelitian Hukum Pemanfaatan Hak Atas Tanah Dalam Hubungannya engan Usaha Tani, Dr.Jeane Neltje Saly, SH, MH =260 ##$$a 2007 :$b Jakarta =300 ##$$a 122 hlm., 21 cm =650 #4$$a Usaha Tani =650 #4$$a Aspek Hukum, Penelitian =700 #$$a Saly, Jeane Neltje =850 ##$$a NBPNMAT